ბათუმის შოთა რუსთაველის სახელმწიფო უნივერსიტეტის ბიბლიოთეკა

ჭეშმარიტება სიცოცხლის ფასად (ბიბ.ჩანაწერი № 50228)

000 -LEADER
fixed length control field 00978nam a2200241Ia 4500
001 - CONTROL NUMBER
control field 17166
003 - CONTROL NUMBER IDENTIFIER
control field GE_BSU
008 - FIXED-LENGTH DATA ELEMENTS--GENERAL INFORMATION
fixed length control field 181216s||||||||xx |||||||||||||| ||und||
040 ## - CATALOGING SOURCE
Transcribing agency GE_BSU
080 ## - UNIVERSAL DECIMAL CLASSIFICATION NUMBER
Universal Decimal Classification number 910.4(6) + 821.161.1-32
100 ## - MAIN ENTRY--PERSONAL NAME
Personal name სტრაჟევსკი, ა.
245 ## - TITLE STATEMENT
Title ჭეშმარიტება სიცოცხლის ფასად
245 ## - TITLE STATEMENT
Remainder of title ისტ.-გეოგრ. მოთხრობა
245 ## - TITLE STATEMENT
Statement of responsibility, etc. თარგმანი ბ. სიხარულიძისა. რედ. გ. კუბლაშვილი
260 ## - PUBLICATION, DISTRIBUTION, ETC.
Place of publication, distribution, etc. თბილისი
260 ## - PUBLICATION, DISTRIBUTION, ETC.
Name of publisher, distributor, etc. საბჭ. საქართველო
260 ## - PUBLICATION, DISTRIBUTION, ETC.
Date of publication, distribution, etc. 1967
300 ## - PHYSICAL DESCRIPTION
Extent 390გვ. : ილ. ; 21სმ.
653 ## - INDEX TERM--UNCONTROLLED
Uncontrolled term ისტ.-გეოგრ. მოთხრობა
653 ## - INDEX TERM--UNCONTROLLED
Uncontrolled term მოგზაურობა აფრიკაში
653 ## - INDEX TERM--UNCONTROLLED
Uncontrolled term ჭეშმარიტება სიცოცხლის ფასად
942 ## - ADDED ENTRY ELEMENTS (KOHA)
Koha item type წიგნი
ეგზემპლარები
Withdrawn status Lost status Damaged status Not for loan Date acquired Barcode Date last seen Price effective from Koha item type
        2018-12-17 21505 2018-12-17 2018-12-17 წიგნი
        2018-12-17 21506 2018-12-17 2018-12-17 წიგნი
        2018-12-17 21523 2018-12-17 2018-12-17 წიგნი
        2018-12-17 21524 2018-12-17 2018-12-17 წიგნი